<?xml version="1.0" encoding="UTF-8"?>
<record
    xmlns:xsi="http://www.w3.org/2001/XMLSchema-instance"
    xsi:schemaLocation="http://www.loc.gov/MARC21/slim http://www.loc.gov/standards/marcxml/schema/MARC21slim.xsd"
    xmlns="http://www.loc.gov/MARC21/slim">

  <leader>00716nam a22001577a 4500</leader>
  <controlfield tag="003">OSt</controlfield>
  <controlfield tag="005">20230313171213.0</controlfield>
  <controlfield tag="008">151112b        xxu||||| |||| 00| 0 eng d</controlfield>
  <datafield tag="040" ind1=" " ind2=" ">
    <subfield code="c">RUA</subfield>
  </datafield>
  <datafield tag="082" ind1=" " ind2=" ">
    <subfield code="a">FOR </subfield>
    <subfield code="2">BUN 2008 B135 Or.1</subfield>
  </datafield>
  <datafield tag="100" ind1=" " ind2=" ">
    <subfield code="9">3625</subfield>
    <subfield code="a">BUN, CHAMROEUN.</subfield>
  </datafield>
  <datafield tag="245" ind1=" " ind2=" ">
    <subfield code="a">Vegetative propagation on ochna integerrima at forestry research study nursery royal university of agriculture, &#x1780;&#x17B6;&#x179A;&#x1795;&#x179B;&#x17B7;&#x178F;&#x179A;&#x17BB;&#x1780;&#x17D2;&#x1781;&#x1787;&#x17B6;&#x178F;&#x17B7;&#x17A2;&#x1784;&#x17D2;&#x1782;&#x17B6;&#x179F;&#x17B8;&#x179B;&#x178A;&#x17C4;&#x1799;&#x1780;&#x17B6;&#x178F;&#x17CB;&#x1798;&#x17C2;&#x1780;&#x1795;&#x17D2;&#x179F;&#x17B6;&#x17C6;&#x1793;&#x17C5;&#x179F;&#x17D2;&#x1790;&#x17B6;&#x1793;&#x17B8;&#x1799;&#x17CD;&#x179F;&#x17B7;&#x1780;&#x17D2;&#x179F;&#x17B6;&#x179F;&#x17D2;&#x179A;&#x17B6;&#x179C;&#x1787;&#x17D2;&#x179A;&#x17B6;&#x179C;&#x1796;&#x17D2;&#x179A;&#x17C3;&#x1788;&#x17BE;&#x1793;&#x17C3;&#x179F;.&#x179C;.&#x1797;.&#x1780;</subfield>
  </datafield>
  <datafield tag="260" ind1=" " ind2=" ">
    <subfield code="a">Phnom Penh</subfield>
    <subfield code="b">RUA</subfield>
    <subfield code="c">2008</subfield>
  </datafield>
  <datafield tag="300" ind1=" " ind2=" ">
    <subfield code="a">xiii; 76p.</subfield>
    <subfield code="b">ill.</subfield>
    <subfield code="c">29cm.</subfield>
  </datafield>
  <datafield tag="942" ind1=" " ind2=" ">
    <subfield code="2">ddc</subfield>
    <subfield code="c">FOR</subfield>
  </datafield>
  <datafield tag="999" ind1=" " ind2=" ">
    <subfield code="c">3376</subfield>
    <subfield code="d">3376</subfield>
  </datafield>
  <datafield tag="952" ind1=" " ind2=" ">
    <subfield code="0">0</subfield>
    <subfield code="1">0</subfield>
    <subfield code="2">ddc</subfield>
    <subfield code="4">0</subfield>
    <subfield code="6">FOR_BUN_2008_000000000000000_B135_OR_1</subfield>
    <subfield code="7">0</subfield>
    <subfield code="9">15868</subfield>
    <subfield code="a">LBB</subfield>
    <subfield code="b">LBB</subfield>
    <subfield code="c">B135</subfield>
    <subfield code="d">2015-11-12</subfield>
    <subfield code="o">FOR BUN 2008 B135 Or.1</subfield>
    <subfield code="p">RUA026908</subfield>
    <subfield code="r">2015-11-12</subfield>
    <subfield code="w">2015-11-12</subfield>
    <subfield code="y">FOR</subfield>
  </datafield>
  <datafield tag="952" ind1=" " ind2=" ">
    <subfield code="0">0</subfield>
    <subfield code="1">0</subfield>
    <subfield code="2">ddc</subfield>
    <subfield code="4">0</subfield>
    <subfield code="6">FOR_BUN_2008_000000000000000_B135_OR_2</subfield>
    <subfield code="7">0</subfield>
    <subfield code="9">15869</subfield>
    <subfield code="a">LBB</subfield>
    <subfield code="b">LBB</subfield>
    <subfield code="c">B135</subfield>
    <subfield code="d">2015-11-12</subfield>
    <subfield code="l">1</subfield>
    <subfield code="o">FOR BUN 2008 B135 Or.2</subfield>
    <subfield code="p">RUA026694</subfield>
    <subfield code="r">2019-04-02</subfield>
    <subfield code="s">2019-02-27</subfield>
    <subfield code="w">2015-11-12</subfield>
    <subfield code="y">FOR</subfield>
  </datafield>
  <datafield tag="952" ind1=" " ind2=" ">
    <subfield code="0">0</subfield>
    <subfield code="1">0</subfield>
    <subfield code="2">ddc</subfield>
    <subfield code="4">0</subfield>
    <subfield code="6">FOR_BUN_2008_000000000000000_B135_OR_3</subfield>
    <subfield code="7">0</subfield>
    <subfield code="9">15870</subfield>
    <subfield code="a">LBB</subfield>
    <subfield code="b">LBB</subfield>
    <subfield code="c">B135</subfield>
    <subfield code="d">2015-11-12</subfield>
    <subfield code="l">1</subfield>
    <subfield code="o">FOR BUN 2008 B135 Or.3</subfield>
    <subfield code="p">RUA026910</subfield>
    <subfield code="r">2016-06-14</subfield>
    <subfield code="s">2016-06-14</subfield>
    <subfield code="w">2015-11-12</subfield>
    <subfield code="y">FOR</subfield>
  </datafield>
  <datafield tag="952" ind1=" " ind2=" ">
    <subfield code="0">0</subfield>
    <subfield code="1">0</subfield>
    <subfield code="2">ddc</subfield>
    <subfield code="4">0</subfield>
    <subfield code="6">FOR_BUN_2008_000000000000000_B135_OR_4</subfield>
    <subfield code="7">0</subfield>
    <subfield code="9">15871</subfield>
    <subfield code="a">LBB</subfield>
    <subfield code="b">LBB</subfield>
    <subfield code="c">B135</subfield>
    <subfield code="d">2015-11-12</subfield>
    <subfield code="o">FOR BUN 2008 B135 Or.4</subfield>
    <subfield code="p">RUA026627</subfield>
    <subfield code="r">2015-11-12</subfield>
    <subfield code="w">2015-11-12</subfield>
    <subfield code="y">FOR</subfield>
  </datafield>
  <datafield tag="952" ind1=" " ind2=" ">
    <subfield code="0">0</subfield>
    <subfield code="1">0</subfield>
    <subfield code="2">ddc</subfield>
    <subfield code="4">0</subfield>
    <subfield code="6">FOR_BUN_2008_000000000000000_B135_OR_5</subfield>
    <subfield code="7">0</subfield>
    <subfield code="9">15872</subfield>
    <subfield code="a">LBB</subfield>
    <subfield code="b">LBB</subfield>
    <subfield code="c">B135</subfield>
    <subfield code="d">2015-11-12</subfield>
    <subfield code="o">FOR BUN 2008 B135 Or.5</subfield>
    <subfield code="p">RUA026838</subfield>
    <subfield code="r">2015-11-12</subfield>
    <subfield code="w">2015-11-12</subfield>
    <subfield code="y">FOR</subfield>
  </datafield>
  <datafield tag="952" ind1=" " ind2=" ">
    <subfield code="0">0</subfield>
    <subfield code="1">0</subfield>
    <subfield code="2">ddc</subfield>
    <subfield code="4">0</subfield>
    <subfield code="6">FOR_BUN_2008_000000000000000_B136_OR_6</subfield>
    <subfield code="7">0</subfield>
    <subfield code="9">15873</subfield>
    <subfield code="a">LBB</subfield>
    <subfield code="b">LBB</subfield>
    <subfield code="c">B136</subfield>
    <subfield code="d">2015-11-12</subfield>
    <subfield code="l">1</subfield>
    <subfield code="o">FOR BUN 2008 B136 Or.6</subfield>
    <subfield code="p">RUA026766</subfield>
    <subfield code="r">2019-05-21</subfield>
    <subfield code="s">2019-03-04</subfield>
    <subfield code="w">2015-11-12</subfield>
    <subfield code="y">FOR</subfield>
  </datafield>
  <datafield tag="952" ind1=" " ind2=" ">
    <subfield code="0">0</subfield>
    <subfield code="1">0</subfield>
    <subfield code="2">ddc</subfield>
    <subfield code="4">0</subfield>
    <subfield code="6">FOR_BUN_2008_000000000000000_B135_OR_7</subfield>
    <subfield code="7">0</subfield>
    <subfield code="9">15922</subfield>
    <subfield code="a">LBB</subfield>
    <subfield code="b">LBB</subfield>
    <subfield code="c">B135</subfield>
    <subfield code="d">2015-11-13</subfield>
    <subfield code="l">1</subfield>
    <subfield code="o">FOR BUN 2008 B135 Or.7</subfield>
    <subfield code="p">RUA027369</subfield>
    <subfield code="r">2017-10-28</subfield>
    <subfield code="s">2017-10-03</subfield>
    <subfield code="w">2015-11-13</subfield>
    <subfield code="y">FOR</subfield>
  </datafield>
  <datafield tag="952" ind1=" " ind2=" ">
    <subfield code="0">0</subfield>
    <subfield code="1">0</subfield>
    <subfield code="2">ddc</subfield>
    <subfield code="4">0</subfield>
    <subfield code="6">FOR_BUN_2008_000000000000000_B135_OR_8</subfield>
    <subfield code="7">0</subfield>
    <subfield code="9">15923</subfield>
    <subfield code="a">LBB</subfield>
    <subfield code="b">LBB</subfield>
    <subfield code="c">B135</subfield>
    <subfield code="d">2015-11-13</subfield>
    <subfield code="l">2</subfield>
    <subfield code="o">FOR BUN 2008 B135 Or.8</subfield>
    <subfield code="p">RUA027125</subfield>
    <subfield code="r">2018-06-29</subfield>
    <subfield code="s">2018-06-20</subfield>
    <subfield code="w">2015-11-13</subfield>
    <subfield code="y">FOR</subfield>
  </datafield>
  <datafield tag="952" ind1=" " ind2=" ">
    <subfield code="0">0</subfield>
    <subfield code="1">0</subfield>
    <subfield code="2">ddc</subfield>
    <subfield code="4">0</subfield>
    <subfield code="6">FOR_BUN_2008_000000000000000_B136_OR_9</subfield>
    <subfield code="7">0</subfield>
    <subfield code="9">15924</subfield>
    <subfield code="a">LBB</subfield>
    <subfield code="b">LBB</subfield>
    <subfield code="c">B136</subfield>
    <subfield code="d">2015-11-13</subfield>
    <subfield code="l">1</subfield>
    <subfield code="o">FOR BUN 2008 B136 Or.9</subfield>
    <subfield code="p">RUA027341</subfield>
    <subfield code="r">2024-08-14</subfield>
    <subfield code="s">2024-07-25</subfield>
    <subfield code="w">2015-11-13</subfield>
    <subfield code="y">FOR</subfield>
  </datafield>
  <datafield tag="952" ind1=" " ind2=" ">
    <subfield code="0">0</subfield>
    <subfield code="1">0</subfield>
    <subfield code="2">ddc</subfield>
    <subfield code="4">0</subfield>
    <subfield code="6">FOR_BUN_2008_000000000000000_B135_OR_10</subfield>
    <subfield code="7">0</subfield>
    <subfield code="9">15925</subfield>
    <subfield code="a">LBB</subfield>
    <subfield code="b">LBB</subfield>
    <subfield code="c">B135</subfield>
    <subfield code="d">2015-11-13</subfield>
    <subfield code="l">1</subfield>
    <subfield code="o">FOR BUN 2008 B135 Or.10</subfield>
    <subfield code="p">RUA027371</subfield>
    <subfield code="r">2016-05-25</subfield>
    <subfield code="s">2016-05-04</subfield>
    <subfield code="w">2015-11-13</subfield>
    <subfield code="y">FOR</subfield>
  </datafield>
</record>
